| LEADER |
00871nam0a2200229 450 |
| 001 |
16821958 |
| 010 |
|
|
|a 978-2-302-04355-8
|b rel.
|d 14,95
|
| 100 |
|
|
|a 20150126d2026 u u0frey01 ba
|
| 101 |
0 |
|
|a fre
|
| 102 |
|
|
|a FR
|
| 200 |
0 |
|
|a Erin
|f scénario, Corbeyran
|g consultant historique, Thierry Jigourel - dessin & couleurs, Ugo Pinson - consultant historique, Thierry Jigourel - dessin & couleurs, Ugo Pinson
|
| 207 |
|
1 |
|a
|
| 210 |
|
|
|a Toulon
|c Soleil
|d DL 2015
|
| 215 |
|
|
|a 1 vol. (55 p.)
|c ill. en coul.
|d 33 cm
|
| 225 |
1 |
|
|a Stonehenge
|v tome
|
| 461 |
|
0 |
|t Stonehenge
|v 1
|
| 700 |
|
0 |
|a Corbeyran
|f 1964-....
|4 70
|
| 702 |
|
0 |
|a Jigourel
|b Thierry
|f 1960-....
|4 205
|
| 702 |
|
0 |
|a Pinson
|b Ugo
|f 1987-....
|4 440
|
| 900 |
|
|
|a Bandes déssinées ADULTE
|
| 901 |
|
|
|a Accessible au prêt
|
| 995 |
|
|
|a Bibliothèque
|c Bibliothèque
|f 024016045
|h 024016045
|k BDA COR
|o p
|q a
|r az
|e Bibliothèque
|